| 000 | 00556nam a22001697a 4500 | ||
|---|---|---|---|
| 999 |
_c62752 _d62752 |
||
| 005 | 20250206171329.0 | ||
| 008 | 250206r2014 enk||||| |||| 00| 0 eng d | ||
| 022 | _a2233-3657 | ||
| 041 | _aeng | ||
| 245 |
_aTSU Science : _bScientific-Popular Journal / _cIvane Javakhishvili Tbilisi State University. |
||
| 260 |
_aTbilisi, _c 2014- |
||
| 300 | _aV. | ||
| 521 | _aტექსტი ინგლისურ ენაზე. | ||
| 653 | _aპერიოდიკა | ||
| 710 |
_aIvane Javakhishvili Tbilisi State University. _924271 |
||
| 942 |
_2udc _cCR |
||